Normal view
MARC view
- Crespi, Maximiliano
Entry Nombre Personal
001 - NUMERO DE CONTROL
- campo de control: 46071
003 - IDENTIFICADOR DE NUMERO DE CONTROL
- campo de control: DLC
005 - FECHA Y HORA DE LA ÜLTIMA TRANSACCIÓN
- campo de control: 20220920124115.0
008 - DATOS DE LONGITUD FIJA
- campo de control de longitud fija: 220920n| acannaabn |n aaa c
010 ## - NÚMERO DE CONTROL DE LA BIBLIOTECA DEL CONGRESO
- Número de control LC: no2010179506
035 ## - NUMERO DE CONTROL
- Número de control: (OCoLC)oca08678690
040 ## - FUENTE DE CATALOGACIÓN
- Agencia original de catalogación: OU
- Lenguaje de catalogación: spa
- Agencia de transcripción: OU
- Agencia que lo modifica: MX-MxUPN
100 1# - ENCABEZAMIENTO - NOMBRE PERSONAL
- Nombre personal: Crespi, Maximiliano
374 ## - OCUPACIÓN
- Occupation: Escritor
- Occupation: Ensayista
- Occupation: Investigador
- Occupation: Profesor universitario
375 ## - GÉNERO
- Gender: masculino
377 ## - LENGUA ASOCIADA
- Language code: spa
670 ## - FUENTE EN LA QUE SE LOCALIZARON DATOS
- Cita de la fuente: El laberinto del universo, 2009:
- Información localizada: portada (Maximiliano Crespi) página 9 (Writer, essayist, researcher, and teacher)
902 ## - CATALOGADOR
- Catalogador: NDAF/200922
